[Event "FIDE World Rapid Team"]
[Site "Almaty KAZ"]
[Date "2024.08.04"]
[Round "12.15"]
[White "Ulkhanov, Azamat"]
[Black "Lysakov, Anton"]
[Result "1-0"]
[WhiteElo "2006"]
[BlackElo "1947"]
[WhiteTeam "Chess Ratel"]
[BlackTeam "Chess Dream"]
[WhiteFideId "13700235"]
[BlackFideId "4193750"]
[EventDate "2024.08.02"]

1. e4 e6 2. d4 d5 3. e5 c5 4. c3 Nc6 5. Nf3 Qb6 6. a3 c4 7. Nbd2 Na5 8. g3 Bd7
9. Bg2 Ne7 10. O-O h6 11. h4 Qc7 12. Nh2 Nc8 13. f4 Nb6 14. h5 O-O-O 15. Bh3 Kb8
16. f5 exf5 17. Bxf5 Bxf5 18. Rxf5 f6 19. Ndf3 Qc8 20. Qc2 Nb3 21. Rb1 Nxc1 22.
Rxc1 Rg8 23. Ng4 g6 24. Nxf6 Rg7 25. Rf4 gxh5 26. Nxh5 Rg8 27. Qh7 Bg7 28. Qf5
Qxf5 29. Rxf5 Bh8 30. Kg2 Rdf8 31. Rxf8+ Rxf8 32. Nh4 Rg8 33. Rf1 Na4 34. Rf2
Kc8 35. Kh3 Bg7 36. Ng6 Kd8 37. Ngf4 Nb6 38. Nxg7 1-0

[Event "FIDE World Rapid Team"]
[Site "Almaty KAZ"]
[Date "2024.08.04"]
[Round "12.16"]
[White "Kaipbayev, Aday"]
[Black "Gein, Dmitriy"]
[Result "1-0"]
[WhiteElo "1711"]
[BlackElo "1723"]
[WhiteTeam "Chess Dream"]
[BlackTeam "Chess Ratel"]
[WhiteFideId "379104995"]
[BlackFideId "13781022"]
[EventDate "2024.08.02"]

1. c4 e5 2. b3 Nc6 3. Bb2 Nf6 4. a3 d5 5. cxd5 Nxd5 6. d3 Be6 7. Nd2 Bc5 8. Rc1
Qe7 9. b4 Bd4 10. Qc2 O-O 11. Ngf3 a6 12. e3 Bxb2 13. Qxb2 f6 14. Be2 Nb6 15.
O-O Rfd8 16. Ne4 Nd7 17. Nc5 Nxc5 18. Rxc5 Bf5 19. d4 Re8 20. dxe5 fxe5 21. Rd1
Bg4 22. h3 Bxf3 23. Bxf3 e4 24. Be2 Rad8 25. Rcd5 Rxd5 26. Rxd5 Qf6 27. Qa2 Kh8
28. Rd7 Re7 29. Qd5 Rxd7 30. Qxd7 Qd8 31. Qxd8+ Nxd8 32. Bc4 c6 33. Bb3 g6 34.
Kh2 Kg7 35. Kg3 g5 36. Bc2 Ne6 37. Bxe4 Nc7 38. Bf5 Nb5 39. a4 Nc3 40. Bc2 Nd5
41. b5 axb5 42. axb5 cxb5 43. Be4 Nc3 44. Bxb7 b4 45. Ba6 b3 46. Bd3 b2 47. h4
h6 48. Kg4 Nd1 49. Bc2 Nc3 50. hxg5 hxg5 51. Kxg5 b1=Q 52. Bxb1 Nxb1 53. f4 Nd2
54. Kf5 Nf1 55. e4 Ne3+ 56. Ke6 Nxg2 57. f5 Nf4+ 58. Ke7 Nh5 59. e5 Nf4 60. f6+
Kh7 61. f7 Ng6+ 62. Ke8 Kg7 63. e6 Ne5 64. f8=Q+ Kg6 65. e7 Kg5 66. Qg7+ Kf4 67.
Qxe5+ Kxe5 68. Kf8 Kf6 69. e8=Q Kg5 70. Qe4 Kh6 71. Qg2 Kh5 72. Kf7 Kh6 73. Qg6# 1-0

[Event "FIDE World Rapid Team"]
[Site "Almaty KAZ"]
[Date "2024.08.04"]
[Round "12.17"]
[White "Momyn, Madina"]
[Black "Minnekhanov, Eldar"]
[Result "0-1"]
[WhiteElo "1733"]
[BlackElo "1750"]
[WhiteTeam "Chess Ratel"]
[BlackTeam "Chess Dream"]
[WhiteFideId "13748866"]
[BlackFideId "13705660"]
[EventDate "2024.08.02"]

1. d4 Nf6 2. g3 g6 3. Bg2 Bg7 4. e4 d6 5. Ne2 O-O 6. Nbc3 c6 7. O-O e5 8. h3 Re8
9. Be3 Qc7 10. Kh2 b5 11. a3 Nbd7 12. f4 exd4 13. Bxd4 a6 14. Qd2 Bb7 15. Rad1
c5 16. Bg1 Nxe4 17. Bxe4 Bxe4 18. Qxd6 Qxd6 19. Rxd6 Bxc2 20. Rxd7 b4 21. Rd2
bxc3 22. Rxc2 cxb2 23. Rb1 c4 24. Nc3 Rab8 25. Bf2 Rb3 26. Nd1 c3 27. Bc5 Re1
28. Bb4 Rxd1 29. Rxd1 b1=Q 30. Rxb1 Rxb1 31. Bxc3 Bxc3 32. Rxc3 Rb2+ 33. Kg1 Ra2
34. Rb3 Kg7 35. g4 a5 36. g5 h6 37. h4 hxg5 38. hxg5 Kf8 39. Re3 a4 40. Kf1 Rb2
41. Re4 Rb1+ 42. Ke2 Rb2+ 43. Kd1 f6 44. Rxa4 fxg5 45. fxg5 Rb5 46. Rg4 Ra5 47.
a4 Ke7 48. Kc2 Ke6 49. Kc3 Kf5 50. Rg1 Rxa4 51. Kd3 Rg4 52. Rf1+ Kxg5 53. Ke3
Kh4 54. Rh1+ Kg3 55. Rg1+ Kh3 56. Rh1+ Kg2 57. Rh8 g5 58. Rf8 Rg3+ 59. Ke2 g4
60. Rf2+ Kh1 61. Rf8 Rg2+ 62. Kf1 g3 63. Rg8 Rg1+ 64. Ke2 Rg2+ 65. Ke1 Kg1 66.
Rg7 Kh1 67. Rg8 Rg1+ 68. Ke2 Kg2 69. Rg7 Ra1 70. Rg8 Ra2+ 71. Ke1 Kh2 72. Rh8+
Kg1 73. Rg8 g2 74. Rg7 Ra1+ 75. Ke2 Kh2 76. Rh7+ Kg3 77. Rg7+ Kh2 78. Rh7+ Kg1
79. Rg7 Ra2+ 80. Ke1 Ra4 81. Ke2 Ra5 82. Rg8 Re5+ 83. Kd1 Kf2 84. Rf8+ Kg3 85.
Rg8+ Kf2 86. Rf8+ Kg1 87. Rg8 Re4 88. Kd2 Kf2 89. Kd3 Re3+ 90. Kd2 Rg3 91. Rf8+
Rf3 0-1

[Event "FIDE World Rapid Team"]
[Site "Almaty KAZ"]
[Date "2024.08.04"]
[Round "12.18"]
[White "Bozhgulova, Zaynabkhan"]
[Black "Abdsattar, Alisher"]
[Result "1/2-1/2"]
[BlackTitle "CM"]
[WhiteElo "1605"]
[BlackElo "2025"]
[WhiteTeam "Chess Dream"]
[BlackTeam "Chess Ratel"]
[WhiteFideId "13727443"]
[BlackFideId "13749358"]
[EventDate "2024.08.02"]

1. b3 e5 2. Bb2 Nc6 3. e3 Nf6 4. Nf3 Qe7 5. Be2 g6 6. O-O Bg7 7. c4 O-O 8. d4
exd4 9. exd4 d6 10. Re1 Bg4 11. Nbd2 Rfe8 12. d5 Nb8 13. h3 Bxf3 14. Bxf3 Qd8
15. Qc2 Nbd7 16. Rxe8+ Qxe8 17. Kf1 Qf8 18. Re1 Re8 19. Rxe8 Nxe8 20. Ne4 Qe7
21. Bxg7 Nxg7 22. Nc3 a6 23. g3 h5 24. Qe2 Qf6 25. Nd1 Kf8 26. Kg2 Nf5 27. Be4
Nc5 28. Bxf5 Qxf5 29. Ne3 Qe4+ 30. Qf3 Qe5 31. g4 Nd3 32. Qg3 Qe4+ 33. Kh2 hxg4
34. Nxg4 Nc1 35. Qe3 Qxe3 36. Nxe3 Nxa2 37. Nc2 a5 38. Kg3 Ke7 39. Kf4 Nc1 40.
Nd4 Nd3+ 41. Ke3 Nc5 42. h4 Kd7 43. f4 c6 44. f5 cxd5 45. cxd5 a4 46. bxa4 Nxa4
47. Kf4 Nc3 48. fxg6 fxg6 49. Kg5 1/2-1/2

[Event "FIDE World Rapid Team"]
[Site "Almaty KAZ"]
[Date "2024.08.04"]
[Round "12.19"]
[White "Annaberdiyev, Meylis"]
[Black "Serikgali Daulet"]
[Result "1-0"]
[WhiteTitle "GM"]
[WhiteElo "2431"]
[BlackElo "1571"]
[WhiteTeam "TKM Chess"]
[BlackTeam "Abai's Gambit Pioneers"]
[WhiteFideId "14000563"]
[BlackFideId "13780468"]
[EventDate "2024.08.02"]

1. e4 c5 2. Nf3 e6 3. d3 Nc6 4. g3 d5 5. Nbd2 Nf6 6. Bg2 Be7 7. O-O O-O 8. Re1
b5 9. exd5 exd5 10. Nb3 Bb7 11. Bg5 Qb6 12. d4 c4 13. Nc5 h6 14. Bxf6 Bxf6 15.
Nd7 Qc7 16. Nxf6+ gxf6 17. Qd2 Kg7 18. Nh4 Ne7 19. Rxe7 1-0

[Event "FIDE World Rapid Team"]
[Site "Almaty KAZ"]
[Date "2024.08.04"]
[Round "12.20"]
[White "Almazuly, Azamat"]
[Black "Turayev, Shahruh"]
[Result "0-1"]
[WhiteElo "1720"]
[BlackElo "2097"]
[WhiteTeam "Abai's Gambit Pioneers"]
[BlackTeam "TKM Chess"]
[WhiteFideId "447002646"]
[BlackFideId "14003856"]
[EventDate "2024.08.02"]

1. d4 d5 2. c4 e6 3. Nf3 c6 4. Nc3 f5 5. Bf4 Nf6 6. e3 Be7 7. Be2 O-O 8. O-O Ne4
9. Nxe4 fxe4 10. Ne5 Nd7 11. f3 exf3 12. Bxf3 Bg5 13. Bg4 Nxe5 14. dxe5 Bxf4 15.
exf4 Qb6+ 16. Kh1 Qxb2 17. Rb1 Qxa2 18. cxd5 cxd5 19. Rc1 Qa5 20. Rf3 Bd7 21.
Qd3 Rac8 22. Rcf1 Rc4 23. Rh3 Re4 24. Bf3 Bb5 25. Qb1 Bxf1 26. Bxe4 dxe4 27.
Qxe4 Bd3 0-1

[Event "FIDE World Rapid Team"]
[Site "Almaty KAZ"]
[Date "2024.08.04"]
[Round "12.21"]
[White "Halynyazov, Vepaly"]
[Black "Kalikhan, Abilmansur"]
[Result "1-0"]
[WhiteElo "2049"]
[BlackElo "1670"]
[WhiteTeam "TKM Chess"]
[BlackTeam "Abai's Gambit Pioneers"]
[WhiteFideId "14004020"]
[BlackFideId "447010908"]
[EventDate "2024.08.02"]

1. d4 Nf6 2. Nf3 g6 3. Bf4 Bg7 4. e3 O-O 5. Be2 c5 6. c3 d5 7. h3 Qb6 8. Qc1 Bf5
9. Nbd2 Ne4 10. O-O Nc6 11. Nxe4 Bxe4 12. Nd2 cxd4 13. exd4 Rac8 14. Nxe4 dxe4
15. Qd2 e6 16. Rfe1 f5 17. Rab1 Rfd8 18. Bg5 Rd7 19. Qe3 e5 20. Bc4+ Kf8 21. Be6
exd4 22. cxd4 Bxd4 23. Qg3 Be5 24. Qh4 Qc7 25. Bh6+ Ke8 26. Bxd7+ Qxd7 27. Rbd1
Nd4 28. Be3 Rc2 29. Bxd4 Bxd4 30. Rxe4+ fxe4 31. Qxe4+ Kf7 32. Qxc2 Qe6 33. Qc7+
Kf6 34. Rxd4 Qe1+ 35. Kh2 g5 36. Rd6+ Kf5 37. Qf7+ 1-0

[Event "FIDE World Rapid Team"]
[Site "Almaty KAZ"]
[Date "2024.08.04"]
[Round "12.22"]
[White "Raipov, Alinur"]
[Black "Agajanova, Meryem"]
[Result "0-1"]
[BlackTitle "WCM"]
[WhiteElo "1504"]
[BlackElo "2007"]
[WhiteTeam "Abai's Gambit Pioneers"]
[BlackTeam "TKM Chess"]
[WhiteFideId "13763814"]
[BlackFideId "14005930"]
[EventDate "2024.08.02"]

1. e4 e6 2. d4 d5 3. e5 c5 4. c3 Nc6 5. Nf3 Qb6 6. a3 Bd7 7. b4 cxd4 8. cxd4 Rc8
9. Be3 Nh6 10. Bd3 Ng4 11. O-O Nxe3 12. fxe3 g6 13. Ng5 Nxe5 14. Qe2 Bh6 15.
Nxe6 Nxd3 16. Nc5 Nxc5 17. dxc5 Qe6 18. Qb2 O-O 19. Kh1 Bg7 20. Nc3 Qxe3 21. Rf3
Bxc3 22. Qxc3 Qxc3 23. Rxc3 Rfd8 24. Rd1 Bb5 25. Re3 d4 26. Re7 Rb8 27. h3 d3
28. Rd2 Re8 29. Rc7 Re2 30. Rd1 d2 31. Kh2 Ba4 32. Rxd2 Rxd2 33. Re7 Bc6 0-1

[Event "FIDE World Rapid Team"]
[Site "Almaty KAZ"]
[Date "2024.08.04"]
[Round "12.23"]
[White "Ezizov, Muhammet"]
[Black "Kiribayeva, Togzhan"]
[Result "1/2-1/2"]
[WhiteElo "1909"]
[BlackElo "1544"]
[WhiteTeam "TKM Chess"]
[BlackTeam "Abai's Gambit Pioneers"]
[WhiteFideId "14003759"]
[BlackFideId "13739263"]
[EventDate "2024.08.02"]

1. e4 c5 2. c3 d5 3. exd5 Qxd5 4. Nf3 Nc6 5. Bb5 Nf6 6. O-O Bg4 7. h3 Bxf3 8.
Qxf3 Qxf3 9. gxf3 Rc8 10. d3 e6 11. Nd2 a6 12. Bxc6+ Rxc6 13. Ne4 Be7 14. Be3
O-O 15. Kh1 Rd8 16. Rad1 b5 17. Bg5 e5 18. f4 exf4 19. Bxf4 Nd5 20. Bc1 b4 21.
Rfe1 Kf8 22. c4 Nf6 23. Ng3 g6 24. Bh6+ Ke8 25. Re3 Ng8 26. Rde1 Rd7 27. Bf4 g5
28. Bxg5 f6 29. Bf4 Kf7 30. Nf5 Bf8 31. b3 Kg6 32. Nh4+ Kf7 33. Nf5 Kg6 34. Ng3
Kf7 35. Rd1 Ne7 36. Re2 Ng6 37. Nh5 Rd4 38. Re4 Rd7 39. Ng3 f5 40. Nxf5 Rf6 41.
Nh6+ Bxh6 42. Bxh6 Rxf2 43. Be3 Rf5 44. d4 cxd4 45. Rdxd4 Rxd4 46. Bxd4 Ne7 47.
Kg2 Nc6 48. Bb2 Ra5 49. Rf4+ Ke8 50. Kg3 Rxa2 51. Bc1 Rc2 52. Re4+ Kd7 53. Bf4
Rc3+ 54. Re3 Rxe3+ 55. Bxe3 Na5 56. Bc5 Nxb3 57. Bxb4 a5 58. Ba3 Kc6 59. Kf4 Nd2
60. c5 Nc4 61. Bc1 Kxc5 62. Kg5 Kd5 63. Kh6 Ke5 64. Kxh7 Kf5 65. Kh6 Ne5 66. h4
Nf7+ 67. Kg7 Kg4 68. Kxf7 Kxh4 1/2-1/2

[Event "FIDE World Rapid Team"]
[Site "Almaty KAZ"]
[Date "2024.08.04"]
[Round "12.24"]
[White "Amangaliyev, Dauletkhan"]
[Black "Sholpanbek, Zhansaya"]
[Result "0-1"]
[WhiteElo "1531"]
[BlackElo "1752"]
[WhiteTeam "Abai's Gambit Pioneers"]
[BlackTeam "TKM Chess"]
[WhiteFideId "447022361"]
[BlackFideId "13775111"]
[EventDate "2024.08.02"]

1. h4 Nf6 2. Nf3 g6 3. Nc3 Bg7 4. e4 d6 5. d4 O-O 6. e5 dxe5 7. dxe5 Qxd1+ 8.
Kxd1 Ng4 9. Ke1 Nxe5 10. Bf4 Nxf3+ 11. gxf3 e5 12. Be3 c6 13. Bc4 Bf5 14. Rc1
Nd7 15. h5 Nb6 16. Bb3 Rad8 17. hxg6 Bxg6 18. a4 Nd5 19. Ne4 b6 20. Bg5 Rd7 21.
Rd1 f6 22. Bh4 Kh8 23. c4 f5 24. cxd5 fxe4 25. dxc6 Rxd1+ 26. Kxd1 Rc8 27. fxe4
Bxe4 28. Re1 Bf3+ 29. Kc1 Rxc6+ 30. Kb1 e4 31. Bd1 Bg2 32. Bc2 Re6 33. Rg1 Bf3
34. Bb3 Rd6 35. Bg5 h5 36. Ka2 Kh7 37. Rg3 Be5 38. Rh3 Kg6 39. Be3 Kf5 40. Bc2
Kg4 41. Rg3+ Bxg3 42. fxg3 Kxg3 43. Bg5 h4 44. Be7 Rd7 45. Bf6 h3 46. Bb3 h2 47.
Be5+ Kg2 48. Be6 Re7 49. Bxh2 Kxh2 50. Bd5 Bg2 51. b4 e3 52. Bc4 Bd5 53. Kb3
Bxc4+ 54. Kxc4 e2 55. a5 e1=Q 56. axb6 axb6 57. Kb3 Rc7 58. Ka2 Qd2+ 59. Ka1
Rc1# 0-1

[Event "FIDE World Rapid Team"]
[Site "Almaty KAZ"]
[Date "2024.08.04"]
[Round "12.25"]
[White "Beristenov, Kair"]
[Black "Balguzhinov, Bakhyt"]
[Result "1-0"]
[WhiteElo "1995"]
[BlackElo "2155"]
[WhiteTeam "Future GM"]
[BlackTeam "Chessacademy_pvl"]
[WhiteFideId "13777831"]
[BlackFideId "13703854"]
[EventDate "2024.08.02"]

1. e4 e5 2. d4 exd4 3. Qxd4 d6 4. Nc3 Nf6 5. Bd2 Be7 6. O-O-O O-O 7. Be1 a6 8.
f4 Bg4 9. Be2 Bxe2 10. Ngxe2 b5 11. g4 Nc6 12. Qe3 b4 13. Nd5 a5 14. g5 Nxd5 15.
exd5 Nb8 16. Nd4 Re8 17. Qf3 Bf8 18. h4 Qe7 19. Bf2 Qe4 20. Qxe4 Rxe4 21. Rhe1
Rxe1 22. Rxe1 Nd7 23. Nc6 f5 24. h5 Kf7 25. Kd2 g6 26. h6 Nc5 27. Bxc5 dxc5 28.
Ne5+ Kg8 29. Kd3 Bd6 30. Kc4 a4 31. Nd3 Kf7 32. Re6 a3 33. b3 Kg8 34. Kb5 Rd8
35. Kc6 Kf7 36. Ne5+ Kg8 37. Kb5 Bf8 38. Kc4 Bd6 39. Nd3 Kf7 40. Kb5 Kg8 41. Re2
Kf7 42. Kc6 Ra8 43. Kd7 Kg8 44. Re6 Rb8 45. Ne5 Ra8 46. Nd3 Rb8 47. Ne5 Ra8 48.
Kc6 Rd8 49. Kb7 Bf8 50. Kxc7 Rxd5 51. Re8 Rd2 52. Nd7 Kf7 53. Rxf8+ Ke7 54. Rd8
c4 55. bxc4 Rxc2 56. Ne5 Rxa2 57. Nc6+ Ke6 58. Nxb4 Rb2 59. Nd3 Rc2 60. c5 a2
61. Rd6+ Ke7 62. Ra6 Rc3 63. Rxa2 Rxd3 64. Re2+ Kf7 65. c6 Rd4 66. Kb6 Rxf4 67.
Rc2 Rb4+ 68. Ka5 Rb8 69. c7 Rc8 70. Kb6 Ke6 71. Re2+ Kd5 72. Kb7 Rxc7+ 73. Kxc7
f4 74. Re7 f3 75. Rxh7 Ke6 76. Rd7 f2 77. Rd1 1-0

[Event "FIDE World Rapid Team"]
[Site "Almaty KAZ"]
[Date "2024.08.04"]
[Round "12.26"]
[White "Prokoptsov, Mikhail"]
[Black "Borumbayev, Adil"]
[Result "1/2-1/2"]
[WhiteElo "1702"]
[BlackElo "1848"]
[WhiteTeam "Chessacademy_pvl"]
[BlackTeam "Future GM"]
[WhiteFideId "447005122"]
[BlackFideId "13747932"]
[EventDate "2024.08.02"]

1. e4 c5 2. Nf3 g6 3. d4 cxd4 4. Nxd4 Bg7 5. Nc3 Nc6 6. Be3 Nf6 7. Bc4 O-O 8.
O-O Ne5 9. Be2 d5 10. exd5 Nxd5 11. Nxd5 Qxd5 12. Nf5 Qxd1 13. Nxe7+ Kh8 14.
Rfxd1 Be6 15. Nd5 Rad8 16. Nf4 Bc4 17. b3 Bxe2 18. Nxe2 Ng4 19. Bd4 Rfe8 20.
Bxg7+ Kxg7 21. Ng3 f5 22. Nf1 Kf6 23. f3 Ne5 24. Kf2 f4 25. Nd2 g5 26. Ne4+ Kg6
27. h4 g4 28. h5+ Kg7 29. Nd6 Rf8 30. Nxb7 Rc8 31. Rd2 gxf3 32. gxf3 Rc3 33. Re1
Rxf3+ 34. Kg2 Rg3+ 35. Kf1 Ng4 36. Re7+ Kf6 37. Rxh7 Ne3+ 38. Kf2 Ng4+ 39. Kf1
Ne3+ 40. Ke2 Re8 41. Rd6+ Kg5 42. Rg6+ Kh4 43. Rxg3 Kxg3 44. Rg7+ Ng4+ 45. Kf1
Kf3 46. Nc5 Re5 47. Nd3 Ne3+ 48. Kg1 Rxh5 49. Rf7 Rg5+ 50. Kh1 Rh5+ 51. Kg1 Rg5+
52. Kh1 Rh5+ 53. Kg1 Rh4 54. c4 Rg4+ 55. Kh1 Rh4+ 56. Kg1 Rg4+ 57. Kh1 Rh4+ 58.
Kg1 Rg4+ 59. Kh1 Rh4+ 60. Kg1 Rg4+ 61. Kh1 Rh4+ 62. Kg1 Rg4+ 63. Kh1 1/2-1/2

[Event "FIDE World Rapid Team"]
[Site "Almaty KAZ"]
[Date "2024.08.04"]
[Round "12.27"]
[White "Zeynyshev, Elnur"]
[Black "Derksen, Vadim"]
[Result "1-0"]
[WhiteElo "1812"]
[BlackElo "1735"]
[WhiteTeam "Future GM"]
[BlackTeam "Chessacademy_pvl"]
[WhiteFideId "13719386"]
[BlackFideId "13737244"]
[EventDate "2024.08.02"]

1. e4 c5 2. Nf3 Nc6 3. Bb5 g6 4. Bxc6 bxc6 5. O-O Bg7 6. c3 e5 7. d4 cxd4 8.
cxd4 exd4 9. Nxd4 Ne7 10. Nc3 O-O 11. Be3 f5 12. Qb3+ Kh8 13. Rfd1 Qc7 14. Bg5
Rb8 15. Qc2 Ng8 16. exf5 Bxd4 17. Rxd4 Rxf5 18. Bh4 Qb6 19. Rd2 d5 20. Ne2 h6
21. Nd4 Rf4 22. Bg3 Rxd4 23. Rxd4 Bf5 24. Qc3 Qxb2 25. Qxb2 Rxb2 26. Be5+ Kh7
27. Rxd5 Rxf2 28. Kxf2 cxd5 29. Rc1 g5 30. Rc7+ Kg6 31. Rg7+ Kh5 32. Rxg8 d4 33.
Bxd4 a5 34. Ra8 a4 35. Rxa4 g4 36. Ra5 Kg6 37. Rxf5 Kxf5 38. a4 h5 39. a5 g3+
40. Kxg3 Ke4 41. a6 Kd3 42. a7 Kc4 43. a8=Q h4+ 44. Kxh4 Kb3 45. Qc6 Kb4 46.
Qc5+ Kb3 47. Qc3+ Ka4 48. Qb2 Ka5 49. Qb3 1-0

[Event "FIDE World Rapid Team"]
[Site "Almaty KAZ"]
[Date "2024.08.04"]
[Round "12.28"]
[White "Ivlev, Andrey"]
[Black "Karepov, Ilya"]
[Result "0-1"]
[WhiteElo "1578"]
[BlackElo "1719"]
[WhiteTeam "Chessacademy_pvl"]
[BlackTeam "Future GM"]
[WhiteFideId "13747991"]
[BlackFideId "13728938"]
[EventDate "2024.08.02"]

1. d4 Nf6 2. Nf3 g6 3. b3 Bg7 4. Bb2 O-O 5. c4 d6 6. e3 Nbd7 7. Be2 Re8 8. O-O
b6 9. Nc3 Bb7 10. Rb1 e5 11. Qc2 a6 12. Rfd1 Qe7 13. d5 Rf8 14. b4 Nh5 15. a3 f5
16. Bf1 g5 17. Qe2 g4 18. Ne1 Rae8 19. a4 Qg5 20. b5 a5 21. Rdc1 Nc5 22. Nd3
Nxd3 23. Qxd3 Bc8 24. Ne2 f4 25. exf4 Nxf4 26. Qd2 Nh3+ 27. gxh3 Qxd2 28. f4
Qe3+ 29. Kh1 gxh3 30. Rc3 Qf2 31. Ng3 exf4 0-1

[Event "FIDE World Rapid Team"]
[Site "Almaty KAZ"]
[Date "2024.08.04"]
[Round "12.29"]
[White "Nauanova Zhaniya"]
[Black "Semenov, Miroslav"]
[Result "1-0"]
[WhiteElo "1835"]
[BlackElo "1512"]
[WhiteTeam "Future GM"]
[BlackTeam "Chessacademy_pvl"]
[WhiteFideId "13780956"]
[BlackFideId "447010525"]
[EventDate "2024.08.02"]

1. c4 e5 2. Nc3 Nf6 3. g3 d5 4. cxd5 c6 5. dxc6 Nxc6 6. Bg2 Bc5 7. d3 O-O 8. Nf3
Re8 9. O-O Bg4 10. Bg5 Qd7 11. Bxf6 gxf6 12. Ne4 Be7 13. Rc1 b6 14. h3 Bxf3 15.
Bxf3 Nd4 16. Bg2 Rac8 17. Nc3 Kh8 18. e3 Nf5 19. Qh5 Rg8 20. Be4 Rg5 21. Qxf7
Rcg8 22. Qd5 Qe8 23. Bg2 Qg6 24. Ne4 Rh5 25. Rc7 Qh6 26. Qe6 Bd8 27. Rc8 Nxe3
28. fxe3 Qxe3+ 29. Kh2 f5 30. Rxd8 Rxd8 31. Qxe5+ Kg8 32. Nf6+ 1-0

[Event "FIDE World Rapid Team"]
[Site "Almaty KAZ"]
[Date "2024.08.04"]
[Round "12.30"]
[White "Sembay, Aisana"]
[Black "Omar, Temirlan"]
[Result "0-1"]
[WhiteElo "1527"]
[BlackElo "1874"]
[WhiteTeam "Chessacademy_pvl"]
[BlackTeam "Future GM"]
[WhiteFideId "13791281"]
[BlackFideId "13723960"]
[EventDate "2024.08.02"]

1. e4 e6 2. d4 d5 3. exd5 exd5 4. Nf3 Bd6 5. Bd3 Ne7 6. O-O O-O 7. c3 Nbc6 8.
Qc2 h6 9. h3 Be6 10. Re1 Qd7 11. Nbd2 Bf5 12. Nf1 Bxd3 13. Qxd3 Ng6 14. Bd2 a6
15. a4 Rfe8 16. Qc2 b5 17. axb5 axb5 18. Rxe8+ Rxe8 19. Qb3 Rb8 20. Qc2 b4 21.
c4 dxc4 22. Qxc4 Nce7 23. Qd3 Nd5 24. Ne3 Ndf4 25. Qf5 Qb5 26. Qxb5 Rxb5 27. Nc4
Be7 28. Nce5 Nxe5 29. Nxe5 Ne2+ 30. Kf1 Nxd4 31. Nd3 Bd6 32. Ra4 Nc6 33. Ra1 f6
34. Rc1 Ne5 35. Nxe5 Bxe5 36. Rc4 c5 37. Be3 Bxb2 38. Rxc5 Rb7 39. Ke2 b3 40.
Kd3 Ba3 41. Bc1 Bxc5 0-1

[Event "FIDE World Rapid Team"]
[Site "Almaty KAZ"]
[Date "2024.08.04"]
[Round "12.31"]
[White "Tulegenov, Amir"]
[Black "Ten, Viktor"]
[Result "1/2-1/2"]
[WhiteElo "1858"]
[BlackElo "2236"]
[WhiteTeam "Baiterekchess"]
[BlackTeam "Chess Mates"]
[WhiteFideId "13742167"]
[BlackFideId "13700820"]
[EventDate "2024.08.02"]

1. e4 e6 2. d4 d5 3. Nc3 Bb4 4. Ne2 dxe4 5. a3 Bxc3+ 6. Nxc3 e5 7. Be3 exd4 8.
Qxd4 Qxd4 9. Bxd4 Nf6 10. Bxf6 gxf6 11. Nd5 Kd8 12. O-O-O Nd7 13. Nxf6 c6 14.
Nxe4 Kc7 15. Bd3 Ne5 16. Rhe1 Bf5 17. Nc5 Nxd3+ 18. Nxd3 Rae8 19. Kd2 f6 20. f3
h5 21. Rxe8 Rxe8 22. Re1 Rg8 23. Nf4 Kd6 24. g3 Rh8 25. c4 h4 26. g4 Bd7 27. Kd3
b6 28. b4 Rg8 29. Rg1 c5 30. b5 Rg5 31. Nh3 Re5 32. f4 Re8 33. Nf2 Rg8 34. h3
Ke7 35. Re1+ Kf7 36. Ne4 Rd8 37. Kc3 Bc8 38. Nf2 Bb7 39. Re3 Rd4 40. f5 Bg2 41.
Nd3 Bf1 42. a4 Bg2 43. Ne1 Bf1 44. Nd3 Bg2 45. Nf2 Bf1 46. Nd3 Bg2 47. Nb2 Bf1
48. Rf3 Bg2 49. Re3 Bf1 50. Nd3 Bg2 51. Ne1 Bf1 52. Nd3 Bg2 53. Nb2 Bf1 54. Rf3
Bg2 55. Re3 Bf1 56. Rf3 Bg2 57. Re3 Bf1 1/2-1/2

[Event "FIDE World Rapid Team"]
[Site "Almaty KAZ"]
[Date "2024.08.04"]
[Round "12.32"]
[White "Bolat, Inayat"]
[Black "Primbetov, Nurassyl"]
[Result "1-0"]
[WhiteTitle "FM"]
[WhiteElo "2264"]
[BlackElo "1784"]
[WhiteTeam "Chess Mates"]
[BlackTeam "Baiterekchess"]
[WhiteFideId "13733125"]
[BlackFideId "447010193"]
[EventDate "2024.08.02"]

1. e4 c5 2. Nf3 e6 3. d4 cxd4 4. Nxd4 Nf6 5. Nc3 Nc6 6. a3 Be7 7. Nxc6 bxc6 8.
e5 Nd5 9. Qg4 g6 10. Qg3 f6 11. Ne4 f5 12. Nd6+ Bxd6 13. exd6 O-O 14. h4 Qf6 15.
c4 f4 16. Qg5 Qxg5 17. hxg5 Nb6 18. Bd3 Ba6 19. b3 f3 20. g3 Nc8 21. Bb2 Rb8 22.
b4 Nxd6 23. O-O-O Nf7 24. Bf6 d5 25. Rh4 e5 26. Rdh1 e4 27. Rxh7 Nh6 28. Rg7+
Kh8 29. Rxh6# 1-0

[Event "FIDE World Rapid Team"]
[Site "Almaty KAZ"]
[Date "2024.08.04"]
[Round "12.33"]
[White "Omarbek, Adlet"]
[Black "Skak, Abuali"]
[Result "0-1"]
[WhiteElo "1713"]
[BlackElo "1969"]
[WhiteTeam "Baiterekchess"]
[BlackTeam "Chess Mates"]
[WhiteFideId "13779842"]
[BlackFideId "13739026"]
[EventDate "2024.08.02"]

1. e4 c5 2. Nf3 Nc6 3. Bb5 g6 4. O-O Bg7 5. c3 Nf6 6. Re1 O-O 7. d4 cxd4 8. cxd4
d6 9. Nc3 Bg4 10. Be3 Nd7 11. Bxc6 bxc6 12. h3 Bxf3 13. Qxf3 Rb8 14. Re2 Qa5 15.
Rd1 Nb6 16. Rc2 Nc4 17. b3 Nxe3 18. Qxe3 Rfc8 19. Na4 Qh5 20. Qe2 Qb5 21. Qd3 h5
22. Kf1 Bf6 23. Ke2 h4 24. Rdc1 Qg5 25. Kf1 Rb4 26. Rc4 Rxc4 27. Qxc4 Bxd4 28.
Re1 c5 29. Qc2 Qf6 30. Rc1 Qf4 31. Re1 Qh2 32. Nc3 Qh1+ 33. Ke2 Qxg2 34. Nd1
Qxh3 35. Qd3 Qxd3+ 36. Kxd3 g5 37. Rh1 Kg7 38. f4 f6 39. Ne3 Bxe3 40. Kxe3 Rh8
41. Kf3 h3 42. fxg5 fxg5 43. Kg3 Kf6 44. Rxh3 Rxh3+ 45. Kxh3 Ke5 46. Kg4 Kxe4
47. Kxg5 d5 48. Kg6 d4 49. Kf7 e5 50. Ke6 d3 51. Kd6 Kd4 52. Kc6 d2 53. Kb7 a5
54. Kb6 d1=Q 55. Kxa5 Qa1 56. a4 c4 57. bxc4 Kc5 58. Ka6 e4 59. a5 Qf6+ 60. Kb7
Qe7+ 61. Ka6 Qd6+ 62. Kb7 Qd7+ 63. Ka8 Kc6 64. a6 Kb6 65. c5+ Kxa6 66. c6 Qa7# 0-1